LEADER 01149nam a2200241 u 4500 001 000000011646 003 CaOOAMICUS 005 20070226105441.0 008 940712n it fh u000 u ita u 035 $a10285464 040 $aPUL$bita 100 1 $aCherubelli, Paolo.$0(OLS)http://pul/name/11184 245 13$aLe edizioni volgari delle opera di S. Agostino nella rinascita, /$ca cura e con introduzione di Paolo Cherubelli. 260 $aFirenze :$bTipografia Fiorenza,$c[s.d.] 300 $a4 f. p., [xi]-xxxii, 250, [2] p., :$btav. (facs.), ;$c19 cm 490 1 $aBiblioteca agostiniana ;$vn. 42. 600 04$aAugustinus,$cs., vesc. d'Ippona,$d354-430$xBibliografia.$0(OLS)http://pul/subject/8837 830 0$aBiblioteca agostiniana ;$vn. 42.$0(OLS)http://pul/title/1995 850 $aPUL 852 $aPUL$W1$xDP1 Fondo Cecchetti$y53$m268 A 31$j16450$nBK-PRI$b $qFondi$B16450$CPULBib$Z2$F16450 $HPUL2132 $81 941 1 $a1 996 $6245$aLe edizioni volgari delle opera di S. Agostino nella rinascita,$9(OLS)http://pul/title/16864 996 $6260$aFirenze :$bTipografia Fiorenza$9(OLS)http://pul/publisher/53367 LEADER 01204nam a2200313 a 4500 001 000000170675 003 CaOOAMICUS 005 20181123112359.0 008 181123s1980 nju u000 u eng r 020 $a0-8476-7074-0* 032 $aLibriCat 040 $aPUL$bita 082 04$a101 100 1 $aKekes, John.$0(OLS)http://pul/name/109774 245 14$aThe nature of philosophy /$cJohn Kekes. 260 $a[Totowa, N. J.] :$bRowman & Littlefield,$cİ1980. 300 $axiv, 226 p. ;$c22 cm. 490 1 $aAPQ library of philosophy 504 $aBibliografia in nota. 650 4$aFilosofia$xTeorie.$0(OLS)http://pul/subject/37426 830 0$aAPQ library of philosophy.$0(OLS)http://pul/title/211490 850 $aPUL 852 $aPUL$W1$xDP2 Filosofia 3$y112$m101 KEKJO 1$j193697$qDDC 21$B199117$CPULBib$Z2$F199117 $H131708 $81 941 1 $a9 996 $6020$a0-8476-7074-0*$9(OLS)http://pul/number/165358 996 $6082$a101$9(OLS)http://pul/classification/1824 996 $6245$aThe nature of philosophy$9(OLS)http://pul/title/211489 996 $6260$a[Totowa, N. J.] :$bRowman & Littlefield$9(OLS)http://pul/publisher/57317